000 00494nam a2200169 i 4500
001 98261
003 ES-MaACL
005 20240421063024.0
007 t|
008 050727s1966 sp ||||1| spa d
100 1 _aMarrodán, Mario Ángel,
_d1932-2005
_977080
245 1 3 _aEl sol del futuro /
_cMario Angel Marrodán.
260 _aGranada :
_b[s.n.],
_c1966 (
_fImp. Guevara)
300 _a44 p. ;
_c22 cm.
852 _aES-MaACL
_j2056-F-21
_bR.61749
999 _c98261
_d98261